00400 2200157 4500001002100000008004100021035002000062245004300082100001200125260003200137300001100169020001800180084001700198082000800215990001900223INLIS000000000002758 Ind  a0010-0724002758 aMesin Seri Sains Untuk PemulacWardani aWardani aSurabayabWahana ilmuc2007 a20 hlm a979.9409.56.X a621.81 WAR m a621 aP29/CP/24/2758